Управление проектами: учебное пособие

Bibliographic Details
Other Authors: Мазур И. И. Иван Иванович, Шапиро В. Д. Валерий Дмитриевич, Ольдерогге Н. Г. Наталья Георгиевна, Полковников А. В. Алексей Владимирович
Summary:Дополненное и переработанное учебное пособие приведено в соответствие с новейшими воззрениями и практикой управления проектами. В дополнение к ставшим уже традиционными вопросам реализации функций и подсистем управления проектами книга освещает такие новые направления, как международные стандарты и сертификация и корпоративные стандарты в области управления проектами, развитие организационной зрелости проектного менеджмента, управление портфелями проектов и пр. Материал, изложенный в книге, базируется на прогрессивных методах управления проектами, принятых в мировой практике; адаптирован к российскому законодательству и условиям реализации проектов. Широко использованы методологические приемы, обеспечивающие эффективное усвоение материалов: примеры из практики, упражнения, тест и др.
Language:Russian
Published: Москва, Омега-Л, 2010
Edition:6-е изд., стер.
Series:Современное бизнес-образование
Subjects:
Format: Book
KOHA link:https://koha.lib.tpu.ru/cgi-bin/koha/opac-detail.pl?biblionumber=158663

MARC

LEADER 00000nam0a2200000 4500
001 158663
005 20231101222043.0
010 |a 9785370010583 
035 |a (RuTPU)RU\TPU\book\172079 
035 |a RU\TPU\book\161626 
090 |a 158663 
100 |a 20081211d2010 m y0rusy50 ca 
101 0 |a rus 
102 |a RU 
105 |a a j 001zy 
200 1 |a Управление проектами  |e учебное пособие  |f И. И. Мазур, В. Д. Шапиро, Н. Г. Ольдерогге, А. В. Полковников 
205 |a 6-е изд., стер. 
210 |a Москва  |c Омега-Л  |d 2010 
215 |a 960 с.  |c ил. 
225 1 |a Современное бизнес-образование 
320 |a Библиография в конце глав. 
330 |a Дополненное и переработанное учебное пособие приведено в соответствие с новейшими воззрениями и практикой управления проектами. В дополнение к ставшим уже традиционными вопросам реализации функций и подсистем управления проектами книга освещает такие новые направления, как международные стандарты и сертификация и корпоративные стандарты в области управления проектами, развитие организационной зрелости проектного менеджмента, управление портфелями проектов и пр. Материал, изложенный в книге, базируется на прогрессивных методах управления проектами, принятых в мировой практике; адаптирован к российскому законодательству и условиям реализации проектов. Широко использованы методологические приемы, обеспечивающие эффективное усвоение материалов: примеры из практики, упражнения, тест и др. 
451 1 |0 (RuTPU)RU\TPU\book\161626  |y 978-5-370-00538-1  |t Управление проектами  |o учебное пособие  |f И. И. Мазур [и др.]  |e 5-е изд., перераб.  |c М.  |n Омега-Л  |d 2009  |p 960 с.  |s Современное бизнес-образование 
606 1 |a Управление проектами  |2 stltpush  |3 (RuTPU)RU\TPU\subj\37171  |9 58292 
610 1 |a бизнес 
610 1 |a проекты 
610 1 |a международные стандарты 
610 1 |a сертификация 
610 1 |a предпроектные документы 
610 1 |a финансы 
610 1 |a проектная документация 
610 1 |a инвестиции 
610 1 |a организационные структуры 
610 1 |a офис 
610 1 |a маркетинг 
610 1 |a инвестиционные проекты 
610 1 |a корпоративные стандарты 
610 1 |a компании 
610 1 |a персонал 
610 1 |a реструктуризация 
610 1 |a инновационные проекты 
610 1 |a антикризисное управление 
610 1 |a образовательные проекты 
610 1 |a программы 
610 1 |a международные проекты 
610 1 |a экономика 
610 1 |a менеджмент качества 
610 1 |a ресурсы 
610 1 |a команды 
610 1 |a риски 
610 1 |a учебные пособия 
686 |a У9(2)212я73  |v LBC/SL-A  |2 rubbk 
701 1 |a Мазур  |b И. И.  |g Иван Иванович 
701 1 |a Шапиро  |b В. Д.  |g Валерий Дмитриевич 
701 1 |a Ольдерогге  |b Н. Г.  |g Наталья Георгиевна 
701 1 |a Полковников  |b А. В.  |g Алексей Владимирович 
801 1 |a RU  |b 63413507  |c 20090427  |g PSBO 
801 2 |a RU  |b 63413507  |c 20201008  |g RCR 
900 |a Управление проектами 
900 |a Информационно-компьютерные технологии в управлении 
942 |c BK 
952 |b 080507 
959 |a 52/20090421  |d 2  |e 600,00  |f АНЛ:1  |f ЧЗГЛ:1